Por la independencia : (Registro nro. 11525)

Detalles MARC
000 -LIDER
fixed length control field 01127nam a22003257a 4500
001 - NÚMERO DE CONTROL
Identificador de número de control 0011606
003 - IDENTIFICACDOR DE NÚMERO DE CONTROL
control field DO-SdBNP
005 - DATE AND TIME OF LATEST TRANSACTION
control field 20180118100139.0
007 - CAMPOS FIJOS DE DESCRIPCIÓN FÍSICA
fixed length control field 0011606
008 - ELEMENTOS DE LONGITUD FIJA
fixed length control field 161011b 2008 sp ||||| |||| 00| 0 spa d
020 ## - ISBN
International Standard Book Number 9788430606948
040 ## - FUENTE DE CATALOGACIÓN
Agencia que crea de manera original el registro BPMSU
Idioma de catalogación spa
Agencia que realiza la transcripción BPMSU
082 #4 - NÚMERO DE CLASIFICACIÓN DECIMAL DE DEWEY
Classification number 946.06
Item number C169p
100 1# - ASIENTO PRINCIPAL -- NOMBRE PERSONAL
Nombre personal Calvo Serraller, Francisco
245 1# - MENCIÓN DE TITULO
Título Por la independencia :
Subtítulo la crisis de 1808 y sus consecuencias /
Mención de responsabilidad Francisco Calvo Serraller, Juan Pablo Fusi ; edición Pilar Barbeito
260 ## - PUBLICACIÓN, DISTRIBUCIÓN, ETC. (PIE DE IMPRENTA)
Lugar de publicación, distribución, etc España :
Nombre del editor, distribuidor, etc. Taurus,
-- Santillana Ediciones Generales,
Fecha de publicación, distribución, etc 2008.
300 ## - DESCRIPCIÓN FÍSICA
Extensión 239 p. :
Otros detalles físicos il.,
Dimensiones 31 cm.
490 1# - MENCIÓN DE SERIES
Mención de serie Historia/Taurus
500 ## - NOTA GENERAL
Nota general Incluye índice de ilustraciones
650 #4 - ENCABEZAMIENTO DE MATERIA--TEMÁTICO
Término temático o nombre geográfico como elemento de entrada GUERRA PENINSULAR
Mención de responsabilidad 1807-1814
651 #4 - ENCABEZAMIENTO DE MATERIA--NOMBRE GEOGRÁFICO
Nombre geográfico ESPAÑA
Subdivisión temática general POLÍTICA Y GOBIERNO
Subdivisión cronológica 1808-1814
651 #4 - ENCABEZAMIENTO DE MATERIA--NOMBRE GEOGRÁFICO
Nombre geográfico ESPAÑA
Subdivisión cronológica HISTORIA-INVASIÓN NAPOLEÓNICA, 1808-1813
651 #4 - ENCABEZAMIENTO DE MATERIA--NOMBRE GEOGRÁFICO
Nombre geográfico ESPAÑA
Subdivisión temática general HISTORIA
Subdivisión cronológica 1808-1813
700 12 - ASIENTO SECUNDARIO -- NOMBRE PERSONAL
Nombre personal Fusi Aizpurúa, Juan Pablo
Fechas asociadas con el nombre 1945-
700 12 - ASIENTO SECUNDARIO -- NOMBRE PERSONAL
Nombre personal Barbeito, Pilar,
Mención de responsabilidad ed.
830 #0 - ASIENTO SECUNDARIO DE SERIE--TÍTULO UNIFORME
Título uniforme Historia/Taurus
942 ## - ADDED ENTRY ELEMENTS (KOHA)
Source of classification or shelving scheme Dewey Decimal Classification
Koha item type Libros
945 ## - INFORMACIÓN DE PROCESAMIENTO LOCAL
Información de procesamiento local Inventariado, 2018/MFF
956 ## - LOCAL ELECTRONIC LOCATION AND ACCESS (OCLC)
Nombre de host BTAVÁREZ
Número de acceso 10
Información de compresión 20161110
Trayectoria 0011606
Existencias
Withdrawn status Lost status Source of classification or shelving scheme Damaged status Not for loan Collection code Home library Current library Date acquired Source of acquisition Total Checkouts Full call number Barcode Date last seen Price effective from Koha item type Copy number
    Dewey Decimal Classification     Colección General Biblioteca Pública Metropolitana Salomé Ureña Biblioteca Pública Metropolitana Salomé Ureña 10/11/2016 Santillana Ediciones Generales,   946.06 C169p BPMSU16100089 10/11/2016 10/11/2016 Libros  
    Dewey Decimal Classification     Colección General Biblioteca Pública Metropolitana Salomé Ureña Biblioteca Pública Metropolitana Salomé Ureña 10/11/2016 Santillana Ediciones Generales,   946.06 C169p BPMSU16100090 10/11/2016 10/11/2016 Libros ej. 2
    Dewey Decimal Classification     Colección General Biblioteca Pública Metropolitana Salomé Ureña Biblioteca Pública Metropolitana Salomé Ureña 10/11/2016 Santillana Ediciones Generales,   946.06 C169p BPMSU16100091e 10/11/2016 10/11/2016 Libros ej. 3